000 00589nam a2200181 i 4500
001 81852
003 ES-MaACL
005 20230906174526.0
007 t|
008 041108s1968 sp ||||1| spa d
100 1 _aIglesias, Juan.
_965083
245 1 0 _aEstudios
_b: Historia de Roma, Derecho romano, Derecho moderno /
_cJuan Iglesias.
260 _a[Madrid :
_bEuroamérica,
_c1968]
300 _a272 p. ;
_c21 cm.
500 _aPrecede al tít.: Centro de Estudios Universitarios.
710 2 _aCentro de Estudios Universitarios (Madrid)
_92680
852 _aES-MaACL
_jC-34667
_bR.66766
999 _c81852
_d81852